| 000 | 01090nam a2200325 i 4500 | ||
|---|---|---|---|
| 003 | DO-SdBNP | ||
| 005 | 20250424100828.0 | ||
| 007 | ta | ||
| 008 | 100830s2009 dr 000 0 spa d | ||
| 020 | _a8489548064 | ||
| 040 |
_aDO-SdBNP _bspa _cBNPHU _erda |
||
| 041 | _hspa | ||
| 082 | 1 |
_a922.2 _bM623b 2009 _222 |
|
| 100 | 1 |
_aMichel, Miriam, _eautor _4aut. _936431 |
|
| 245 | 1 | 0 |
_aBiobibliografía de monseñor doctor Rafael Bello Peguero, Pbro. / _cMiriam Michel. |
| 250 | _aSegunda edición corregida | ||
| 264 | 1 |
_aSanto Domingo : _bAmigo del Hogar, _c2009. |
|
| 300 |
_a205 páginas ; _c23 cm. |
||
| 336 |
_atexto _btxt _2rdacontent |
||
| 337 |
_asin mediación _bn _2rdamedia |
||
| 338 |
_avolumen _bnc _2rdacarrier |
||
| 500 | _aIncluye datos biográficos de la autor en las solapas | ||
| 500 | _aIncluye referencias bibliográficas y notas al pie de las páginas | ||
| 590 | _aInventariado,2025/BT | ||
| 600 | 1 | 4 |
_aBello Peguero, Rafael, _d1932-2022 _92405 |
| 650 | 4 |
_aBiografías _920254 |
|
| 650 | 4 |
_aBiografía religiosa _942125 |
|
| 910 | _aBtavárez | ||
| 942 |
_2ddc _cLBS1 |
||
| 999 |
_c58774 _d58774 |
||